| 000 | nam a22 a 4500 | ||
|---|---|---|---|
| 999 |
_c158611 _d158611 |
||
| 003 | BLK | ||
| 005 | 20220709092814.0 | ||
| 008 | 180410b bul|||||r ||||||| ||bul|| | ||
| 010 | _aKNG00165667000 | ||
| 040 | _aBLK | ||
| 041 |
_aBUL _cBUL |
||
| 080 |
_aСелското стопанство като стопански отрасъл. Икономика на селското стопанство _b338.43 _x(09) _z338.43(09) |
||
| 080 |
_aПериод на феодализма в българските земи (VII век -I пол. на XVIII век) _b94(497.2)"06/17" _z94(497.2)"06/17" |
||
| 100 | 1 |
_aМилкова, Фани Ганева _eпърви автор _9334170 |
|
| 139 |
_aМилкова, Фани Ганева _bМ 60 |
||
| 245 | 1 | 0 |
_aПоземлената собственост в българските земи през ХIХ в _bМоногр. _cФани Ганева Милкова. |
| 257 | _aBGR | ||
| 260 |
_aСофия _bНаука и изкуство _c1970 _fВ. Търново : Д. Найденов |
||
| 300 |
_a259 с. _bс ил., 10 л. факс. _c22 см |
||
| 380 | _a3 | ||
| 504 | _aБиблиогр. с. 243-249 и под линия | ||
| 520 | _a Рез. на фр. ез. | ||
| 650 | 4 |
_aПоземлена собственост - България _9250843 |
|
| 653 | _aпоземлена собственост | ||
| 852 |
_aЦб 54528 _bЦб |
||
| 856 | 4 | _qpdf | |
| 856 | 4 | _qpdf | |
| 942 |
_cKNG _n0 _s1 |
||
| 944 |
_aCR _c04.10.2014 _l04.10.2014 - от С1,Р / 04.10.2014 _kКина_Георгиева |
||
| 944 |
_aED _c04.10.2014 _l04.10.2014 - от С1,Р / 04.10.2014 |
||